LIBRARY & INFORMATION CENTRE, KCAET, TAVANUR

ONLINE PUBLIC ACCESS CATALOGUE (OPAC)

Effect of soil solarization using LDPE - mulch on moisture conservation and soil temperature variation (Record no. 15283)

MARC details
000 -LEADER
fixed length control field 00697nam a22001697a 4500
003 - CONTROL NUMBER IDENTIFIER
control field OSt
088 ## - REPORT NUMBER
Report number T 69
100 ## - MAIN ENTRY--AUTHOR NAME
Personal name ANU VARUGHESE
245 ## - TITLE STATEMENT
Title Effect of soil solarization using LDPE - mulch on moisture conservation and soil temperature variation
260 ## - PUBLICATION, DISTRIBUTION, ETC. (IMPRINT)
Place of publication Tavanur 1997
Name of publisher Kelappaji College of Agricultural Engineering and Technology
300 ## - PHYSICAL DESCRIPTION
Number of Pages 103
500 ## - GENERAL NOTE
General note Effect of soil solarization using LDPE - mulch on moisture conservation and soil temperature variation
520 ## - SUMMARY, ETC.
Summary, etc Effect of soil solarization using LDPE - mulch on moisture conservation and soil temperature variation
700 ## - ADDED ENTRY--PERSONAL NAME
Personal name Dr. K. John Thomas (Guide)
942 ## - ADDED ENTRY ELEMENTS (KOHA)
Koha item type Theses
Holdings
Collection code Home library Current library Shelving location Full call number Accession Number Koha item type Public note
Reference KAUAET KAUAET Reference 631.75807 ANU/EF T 69 Theses T 69
free website counter